| 000 | 00909cam a22003015i 4500 | ||
|---|---|---|---|
| 001 | 18632161 | ||
| 003 | EG-ScBUE | ||
| 005 | 20250622091205.0 | ||
| 008 | 150526t2015 fluadk f 001 0 eng d | ||
| 020 | _a9781482206357 | ||
| 020 | _a1482206358 | ||
| 040 |
_aEG-ScBUE _beng _erda _cEG-ScBUE _dEG-ScBUE |
||
| 082 | 0 | 4 |
_a537 _bKEL _222 |
| 100 | 1 |
_aKelly, P. F., _d1961- _938145 _eauthor. |
|
| 245 | 1 | 0 |
_aElectricity and magnetism / _cP. F. Kelly. |
| 264 | 1 |
_aBoca Raton : _bCRC Press / Taylor & Francis Group, _c[2015] |
|
| 264 | 4 | _cc2015 | |
| 300 |
_axiv, 404 pages : _bcharts, forms, tables ; _c26 cm |
||
| 336 |
_2rdacontent _atext _btxt |
||
| 337 |
_2rdamedia _aunmediated _bn |
||
| 338 |
_2rdacarrier _avolume _bnc |
||
| 500 | _aIncludes index. | ||
| 650 | 7 |
_aElectricity. _2BUEsh |
|
| 650 | 7 |
_aMagnetism. _2BUEsh |
|
| 653 |
_bENGELC _bENGGEN _cJune2015 |
||
| 655 | _vReading book | ||
| 942 |
_2ddc _cBB |
||
| 999 |
_c19524 _d19496 |
||